000 00558nam a22001697a 4500
999 _c15249
_d15249
003 OSt
082 _2631.3 SHI/DE
088 _aT 72
100 _aSHINY LUKOSE
_92856
245 _aDevelopment of powertiller operated paddy reaper windrower
260 _aTavanur 1997
_bKelappaji College of Agricultural Engineering and Technology
300 _a113
500 _aDevelopment of powertiller operated paddy reaper windrower
520 _aDevelopment of powertiller operated paddy reaper windrower
700 _aDr. M. Sivaswami (Guide)
_92207
942 _cTH